| 000 | 00923nam a22002297a 4500 | ||
|---|---|---|---|
| 003 | OSt | ||
| 005 | 20260122200258.0 | ||
| 008 | 230523b ||||| |||| 00| 0 eng d | ||
| 040 |
_aSSBUL _cSSBUL |
||
| 041 | _ashan | ||
| 082 | _a294.3 | ||
| 245 |
_aတြႃးပုတ်ႉထၽႃႇသႃႇ (ၸၼ်ႉငဝ်ႈ)။ _cၸဝ်ႈသုၶမ်း ပိၼ်ႇ- |
||
| 260 |
_aတႃႈၵုင်ႈ _bထၢၼ်ၵုမ်းသႃႇသၼႃႇ _c1999 |
||
| 300 |
_a282 ၼႃႈ _bလွၵ်း _c20 ၸိၼ်ႇထီႇ |
||
| 500 | _aS-SAT: Dr. Prof Sai Aung Tun | ||
| 500 | _aပပ်ႉၸဝ်ႈတႃႇၼႁင်းၶေႃ တွၵ်ႉတိူဝ်ႇၸၢႆးဢွင်ႇထုၼ်း | ||
| 504 | _aပႃးတွၼ်ႈသိုပ်ႇလင် | ||
| 650 |
_aပုတ်ႉၽႃႇသႃႇ _924344 |
||
| 942 | _cBK1 | ||
| 942 | _2ddc | ||
| 942 | _2ddc | ||
| 999 |
_c24712 _d24712 |
||